| 000 | 01424nam a2200397Ii 4500 | ||
|---|---|---|---|
| 001 | DIGDYK1867 | ||
| 003 | NyNyDIG | ||
| 006 | m o d | ||
| 007 | cr ||||||||||| | ||
| 008 | 220901s2020 sp ob 000 0 spa d | ||
| 035 | _a(OCoLC)1229973321 | ||
| 040 |
_aDGITA _beng _erda _epn _cDGITA |
||
| 020 |
_a9788413771007 _qpdf |
||
| 043 | _ae------ | ||
| 050 | 1 | 4 | _aKJE2061 ebook |
| 082 | 0 | 4 | _a346.407 |
| 100 | 1 |
_aGarcía Mandaloniz, Marta, _eauthor. |
|
| 245 | 1 | 4 |
_aUna sociedad mercantil simplificada y digitalizada : _bun ecosistema emprendedor innovador, inclusivo y sostenible / _cMarta García Mandaloniz. |
| 264 | 1 |
_aMadrid : _bDykinson, _c2020. |
|
| 300 | _a1 online resource. | ||
| 336 |
_atext _btxt _2rdacontent |
||
| 337 |
_acomputer _bc _2rdamedia |
||
| 338 |
_aonline resource _bcr _2rdacarrier |
||
| 347 |
_atext file _2rdaft |
||
| 347 | _bPDF | ||
| 504 | _aIncludes bibliographical references. | ||
| 588 | 0 | _aOnline resource; title from PDF title page (Digitalia, viewed September 1, 2022) | |
| 650 | 0 |
_aCommercial law _zEuropean Union countries. |
|
| 650 | 0 |
_aCorporation law _zEuropean Union countries. |
|
| 655 | 0 | _aElectronic books. | |
| 791 | 2 |
_aDigitalia (Firm), _edistributor. |
|
| 793 | 0 |
_gDigitalia eBook Collection: _aDykinson Editorial |
|
| 856 | 4 | 0 |
_3Digitalia Hispánica _uhttps://www.digitaliapublishing.com/a/76699/ |
| 910 | _aPremium collection: 2022 | ||
| 942 | _cRAA | ||
| 999 |
_c263874 _d263874 |
||